000
00319nam a22001337a 4500
008
171024b xxu||||| |||| 00| 0 eng d
020
_a
9780133523119
041
_a
eng
080
_a
311
100
_a
55
101
_a
STA
245
_a
BUSINESS STATISTICS FOR QUALITY AND PRODUCTIVITY
_c
LEVINE, D.M
942
_2
udc
_c
BK
999
_c
35676
_d
35676